000 00319 a2200157 4500
001 179351
020 _a85-259-0030-3
040 _cMagnum
100 _aGuimarĂ£es, Marcia Meyer
240 1 0 _aCurupira
_lpor
245 1 0 _aCurupira
300 _a12
362 0 _a1899
697 _aLITERATURA INFANTO
942 _cBK
999 _c179351
_d179351